| 000 | 01797nam a2200361 c 4500 | ||
|---|---|---|---|
| 003 | BLK | ||
| 005 | 20180420214110.0 | ||
| 008 | 180412b bul|||||r ||||||| ||bul|| | ||
| 010 | _aKNG00007671000 | ||
| 020 |
_a954-445-341-5 _bиздат.: Христо Ботев |
||
| 040 | _aBLK | ||
| 041 |
_aBUL _cBUL |
||
| 080 |
_aЛитературна естетика. Философия на литературата _b82.01 _x _z82.01 |
||
| 080 |
_aРелигиозни учения. Догми. Обожествяване на природата - култ към фалоса и черепа, митове, тотемизъм, табу, манизъм, анимизъм, фетишизъм, тотемизъм. Демони. Космогония. Край на света. Есхатология _b291.2 _x.001 _z291.2.001 |
||
| 100 | 1 |
_aМелетински, Елеазар Моисеевич _eпърви автор _9251464 |
|
| 139 |
_aМелетински, Елеазар Моисеевич _bМ 46 |
||
| 245 | 1 | 0 |
_aПоетика на мита _cЕлеазар Моисеевич Мелетински. |
| 257 | _aRUS | ||
| 260 |
_аСофия _bХристо Ботев _c1995 |
||
| 300 |
_a551 с. _c20 см |
||
| 380 | _a82 | ||
| 490 | 1 | _aМитология и културантропология | |
| 500 | _aОриг. загл. Поэтика мифа / Е. M . Мелетинский. - 4 000 тир. | ||
| 650 | 4 |
_aМитология - теория _9246546 |
|
| 650 | 4 |
_aЛитература - връзка с митологията _9251465 |
|
| 650 | 4 |
_aЛитературни направления _9251466 |
|
| 653 | _aмитология | ||
| 852 | _aЦб 183068 | ||
| 856 | 4 |
_qpdf _u |
|
| 856 | 4 |
_qpdf _u |
|
| 942 |
_cKNG _n0 _01 |
||
| 944 |
_aCR _c15.01.2003 _kЛюдмила_Стоянова |
||
| 944 |
_aED _c21.12.2007 _k |
||
| 999 |
_c6438 _d6438 |
||